000 00673nam a22002057a 4500
003 BD-DhJNU
005 20250929092621.0
008 250929b |||||||| |||| 00| 0 eng d
020 _a9780691057521
020 _a0691057524
040 _aBD-DhJNU
_bENG
_cBD-DhJNU
_dBD-DhJNU
082 _223
_a996.902
100 _aObeyesekere, Gananath
245 _aThe apotheosis of captain cook :
_bEuropean mythmaking in the Pacific /
_cGananath Obeyesekere
260 _aUnited States of America :
_bBishop Mueseum Press,
_c1994.
300 _axxi, 313 p. :
_bill. ;
_c24 cm.
504 _aincludes bibliographical reference and index
650 _aApotheosis
942 _2ddc
_cBK
_n0
999 _c2172
_d2172